|
|
|
|
| LEADER |
00000nam a22000005a 4500 |
| 001 |
vtls009491830 |
| 003 |
SK-MaSNL |
| 005 |
20260331204753.0 |
| 008 |
160610s2008 xo 000 0 slo |
| 015 |
|
|
|a SNBSAB2008-00042
|
| 020 |
|
|
|a (brož.)
|
| 035 |
|
|
|a D1DDEE9F-1797-42B9-9AA4-7B6D2641A597
|
| 035 |
|
|
|a urn:nbn:sk:snk-aml1wc
|
| 035 |
|
|
|a urn:nbn:sk:snk-am008jm3
|
| 040 |
|
|
|a SNK
|b slo
|c SNK
|e AACR2
|
| 041 |
0 |
|
|a slo
|
| 044 |
|
|
|a xo
|c SK
|
| 072 |
|
7 |
|a 01
|x Bibliografia. Katalógy
|2 konspekt
|
| 080 |
|
|
|a 39:904:015(437.65)
|2 2001
|
| 080 |
|
|
|a 904
|2 2001
|
| 080 |
|
|
|a 015
|2 2001
|
| 100 |
1 |
|
|a Zelenáková, Alena
|4 com
|9 8812
|
| 245 |
1 |
0 |
|a Posolstvá z dávnych čias
|b ľudová kultúra na strednom Považí
|c [zostavila: Alena Zelenáková; zodp. red.: Viera Baničová]
|
| 250 |
|
|
|a [1. vyd.]
|
| 260 |
|
|
|a Považská Bystrica
|b Považská knižnica
|c 2008
|
| 300 |
|
|
|a [45] s.
|c 21x15 cm
|
| 504 |
|
|
|a Usporiadanie chronolog. - od jarného po zimné zvykoslovie. 150 zázn. o čl. a kn. Reg. geografický a predm.
|
| 650 |
0 |
7 |
|a folklór
|y Považie
|x výberové bibliografie
|x regionálne bibliografie
|2 snkbubb
|9 698105
|
| 651 |
|
7 |
|a Považie (Slovensko : región)
|2 SNKPH
|9 169105
|
| 655 |
|
7 |
|a regionálne bibliografie
|2 snkph
|9 70484
|
| 655 |
|
7 |
|a samostatné bibliografie
|2 snkph
|9 300643
|
| 700 |
1 |
|
|a Baničová, Viera,
|d 1951-
|4 lso
|9 195222
|
| 710 |
2 |
|
|a Považská knižnica v Považskej Bystrici
|9 132266
|
| 958 |
|
|
|a OND
|
| 999 |
|
|
|c 1087331
|d 1089261
|
| 952 |
|
|
|a SNK
|b SNK
|y PREZ
|7 0
|p 17A0619162
|o snkSC 135285
|i snk2009/7110
|8 0
|0 0
|1 0
|4 0
|d 2009-04-14
|f 1
|l 0
|r 2025-07-01 00:00:00
|w 2026-02-24
|